| 000 | 01295nam a2200337 a 4500 | ||
|---|---|---|---|
| 001 | 000107718 | ||
| 003 | CHAP | ||
| 005 | 20240507111144.0 | ||
| 008 | 131023s2005 ck |r| |||1|||spa d | ||
| 010 | _a104180 | ||
| 011 | _a105152 | ||
| 020 | _a9789586484114 | ||
| 040 | _cCHAP | ||
| 082 | 0 | 4 |
_a519.52 _bM38 2005 |
| 100 | 1 |
_aMartínez Bencardino, Ciro. _9124444 |
|
| 245 | 1 | 0 |
_aEstadística y muestreo / _cpor Ciro Martínez Bencardino. |
| 250 | _a12 ed. | ||
| 260 |
_aBogota : _bEcoe, _c2005. |
||
| 300 |
_axix, 1022 p. _e+1 CD (4/3 plg.) |
||
| 490 | 1 | _aMatemáticas | |
| 500 | _aEl CD contiene Parte 1. ; Ejercicios para resolver - capítulo 1 al 13. Desarrollo del capítulo 14 - Algunos elementos básicos de las matemáticas. Parte 2. ; Aplicaciones en Excel. Cálculo de medidas en estadísticas descríptiva inferencia estadística. Parte 3. ; Práctica con población de 1080 observaciones. Parte 4. Archivo de práctica. Parte 5. Acrobat Reader 5.0. | ||
| 590 |
_aBATCH-UPD _b10 _c20180720 |
||
| 590 |
_aE6096MTM _b10 _c20131023 |
||
| 650 | 1 | 4 |
_aEstadística _xMetodología. _938253 |
| 650 | 1 | 4 |
_aInferencia estadística. _958062 |
| 650 | 1 | 4 |
_aMuestreo estadístico. _979288 |
| 830 | 0 |
_aMatemáticas _972902 |
|
| 901 | _aBK | ||
| 942 |
_cLIBRO _2ddc |
||
| 942 |
_n0 _2ddc |
||
| 999 |
_c104180 _d104180 |
||